Brukner & Khan's clinical sports medicine (Record no. 5064)
[ view plain ]
| 000 -LEADER | |
|---|---|
| fixed length control field | 00724nam a22002177a 4500 |
| 003 - CONTROL NUMBER IDENTIFIER | |
| control field | OSt |
| 005 - DATE AND TIME OF LATEST TRANSACTION | |
| control field | 20220403214946.0 |
| 008 - FIXED-LENGTH DATA ELEMENTS--GENERAL INFORMATION | |
| fixed length control field | 220403b ||||| |||| 00| 0 eng d |
| 020 ## - INTERNATIONAL STANDARD BOOK NUMBER | |
| International Standard Book Number | 9780070998131 |
| 040 ## - CATALOGING SOURCE | |
| Transcribing agency | Alupe University |
| 050 ## - LIBRARY OF CONGRESS CALL NUMBER | |
| Classification number | RC1210 |
| Item number | B78 2012 |
| 100 ## - MAIN ENTRY--PERSONAL NAME | |
| Personal name | Peter Brukner |
| 245 ## - TITLE STATEMENT | |
| Title | Brukner & Khan's clinical sports medicine |
| Statement of responsibility, etc. | Peter Brukner and Karim Khan |
| 260 ## - PUBLICATION, DISTRIBUTION, ETC. | |
| Place of publication, distribution, etc. | North Ryde, New South Wales |
| Name of publisher, distributor, etc. | McGraw-Hill Education (Australia) |
| Date of publication, distribution, etc. | 2012 |
| 300 ## - PHYSICAL DESCRIPTION | |
| Extent | 1296p |
| Other physical details | col. Illustrations |
| 500 ## - GENERAL NOTE | |
| General note | includes indexes |
| 650 ## - SUBJECT ADDED ENTRY--TOPICAL TERM | |
| Topical term or geographic name entry element | Sports medicine. |
| 700 ## - ADDED ENTRY--PERSONAL NAME | |
| Personal name | Karim Khan |
| 856 ## - ELECTRONIC LOCATION AND ACCESS | |
| Uniform Resource Identifier | http://172.30.46.200/cgi-bin/koha/opac-retrieve-file.pl?id=0e6a5da429142a556de32c3e83ce7eac |
| 942 ## - ADDED ENTRY ELEMENTS (KOHA) | |
| Source of classification or shelving scheme | |
| Koha item type | e-book |
| Suppress in OPAC | MW |
| Withdrawn status | Lost status | Source of classification or shelving scheme | Damaged status | Not for loan | Permanent Location | Current Location | Shelving location | Date acquired | Total Checkouts | Full call number | Date last seen | Price effective from | Koha item type | Public note |
|---|---|---|---|---|---|---|---|---|---|---|---|---|---|---|
| AU LIBRARY | AU LIBRARY | Virtual Library | 04.04.2022 | RC1210 B78 2012 | 04.04.2022 | 04.04.2022 | e-book | MW |